[Event "Tourn. n7980"]
[Site "www.chess-mail.com"]
[Date "2015.02.21"]
[Round "1"]
[White "Osopanda"]
[Black "Fabos12"]
[WhiteElo "2000"]
[BlackElo "1860"]
[Result "1-0"]
[Round "1"]
1.c4 Ng8f6
2.d4 d5
3.Nb1c3 Bc8f5
4.g3 Nf6e4
5.cxd5 Ne4xc3
6.bxc3 Qd8xd5
7.Ng1f3 Bf5e4
8.Bf1g2 Nb8c6
9.O-O Qd5h5
10.Qd1b3 O-O-O
11.a4 e6
12.Bc1g5 Be4xf3
13.Bg5xd8 Bf3xg2
14.Kxg2 Nc6xd8
15.Ra1b1 Qh5xe2
16.Rf1e1 Qe2a6
17.Re1e5 Bf8d6
18.Re5b5 h6
19.c4 c6
20.c5 cxb5
21.axb5 Qa6a5
22.cxd6 Qa5b6
23.Rb1c1 Kb8
24.d7 a6
25.Rc1c8 Ka7
26.Rc8c5 Qb6d6
27.bxa6 Qd6xa6
28.Rc5c4 Kb8
29.Rc4c8 Ka7
30.Qb3b4 Qa6b6
31.Rc8a8 Kxa8
32.Qb4xb6 Nd8c6
33.h4 Rh8d8
34.Qb6c7 Ka7
35.g4 g5
36.Kg3 f5
37.gxf5 exf5
38.hxg5 hxg5
39.d5 f4
40.Kg4 Rd8h8
41.dxc6 { resign }
1-0

[Event "Tourn. n7955"]
[Site "www.chess-mail.com"]
[Date "2015.02.21"]
[Round "1"]
[White "Picifarkinca"]
[Black "Cardiff"]
[WhiteElo "2000"]
[BlackElo "2050"]
[Result "1/2-1/2"]
[Round "1"]
1.Ng1f3 d5
2.g3 c6
3.Bf1g2 Ng8f6
4.d3 g6
5.O-O Bf8g7
6.Nb1d2 O-O
7.e4 dxe4
8.dxe4 Qd8c7
9.c3 Bc8g4
10.Rf1e1 e6
11.Qd1b3 Bg4xf3
12.Nd2xf3 e5
13.Qb3c2 Nb8d7
14.h3 Rf8e8
15.Bc1e3 Nd7b6
16.c4 Ra8d8
17.c5 Nb6d7
18.Ra1d1 Nd7f8
19.Rd1xd8 Re8xd8
20.b4 h6
21.Nf3d2 Nf8e6
22.Nd2c4 Ne6d4
23.Be3xd4 Rd8xd4
24.a3 Nf6h7
25.Nc4d6 Bg7f8
26.Nd6c4 Bf8g7
{ draw }
1/2-1/2

[Event "Tourn. n7996"]
[Site "www.chess-mail.com"]
[Date "2015.02.21"]
[Round "1"]
[White "Picifarkinca"]
[Black "Luban"]
[WhiteElo "2030"]
[BlackElo "2130"]
[Result "1/2-1/2"]
[Round "1"]
1.Ng1f3 d5
2.c4 e6
3.d4 h6
4.cxd5 Qd8xd5
5.Nb1c3 Bf8b4
6.a3 Bb4xc3
7.bxc3 Ng8f6
8.e3 a6
9.Bf1d3 O-O
10.O-O b5
11.Qd1c2 Bc8b7
12.Rf1e1 Qd5h5
13.e4 Nb8d7
14.Bc1f4 c5
15.Nf3e5 Nd7xe5
16.Bf4xe5 Nf6g4
17.Be5g3 cxd4
18.cxd4 Ra8c8
19.Qc2d2 Ng4f6
20.Ra1c1 Rc8xc1
21.Qd2xc1 Rf8c8
22.Qc1d2 Nf6d7
23.Re1c1 Rc8xc1
24.Qd2xc1 f6
25.f3 Qh5e8
26.Qc1c7 Qe8c8
27.Qc7xc8 Bb7xc8
{ draw }
1/2-1/2

[Event "Tourn. n8030"]
[Site "www.chess-mail.com"]
[Date "2015.02.21"]
[Round "1"]
[White "Falcoale"]
[Black "Gambitplayer"]
[WhiteElo "1870"]
[BlackElo "1620"]
[Result "1-0"]
[Round "1"]
1.e4 c5
2.Ng1f3 d6
3.b3 Ng8f6
4.Nb1c3 Nb8c6
5.d4 cxd4
6.Nf3xd4 g6
7.Bc1b2 Bf8g7
8.Nd4xc6 bxc6
9.Bf1d3 O-O
10.O-O Qd8c7
11.Nc3e2 Bc8b7
12.Ne2g3 c5
13.Ra1b1 Bb7c6
{ time. }
1-0

[Event "Tourn. n8095"]
[Site "www.chess-mail.com"]
[Date "2015.02.21"]
[Round "1"]
[White "F14"]
[Black "Gatoss"]
[WhiteElo "1599"]
[BlackElo "1780"]
[Result "0-1"]
[Round "1"]
1.e4 c5
2.Ng1f3 d6
3.d4 cxd4
4.Nf3xd4 Ng8f6
5.Nb1c3 e6
6.Bf1e2 a6
7.O-O Nb8c6
8.Bc1g5 Bf8e7
9.f4 h6
10.Bg5h4 e5
11.Nd4xc6 bxc6
12.fxe5 Nf6d7
13.Bh4xe7 Qd8xe7
14.exd6 Qe7g5
15.Rf1f5 Qg5e3
16.Kh1 O-O
17.Rf5f3 Qe3c5
18.Rf3f5 Qc5b6
19.Nc3a4 Qb6b4
20.c3 Qb4xe4
21.Rf5f1 Bc8b7
22.Be2f3 Qe4e5
23.Rf1e1 Qe5b5
24.c4 Qb5xc4
25.Ra1c1 Qc4xa2
26.b3 Qa2f2
27.Rc1c2 Qf2h4
28.Rc2c4 Qh4d8
29.Re1e7 Ra8b8
30.Bf3xc6 Bb7xc6
31.Rc4xc6 Rf8e8
32.Re7xe8 Qd8xe8
33.Rc6xa6 Rb8xb3
34.h3 Rb3e3
35.Qd1d5 Re3e1
36.Kh2 Qe8e3
37.Ra6a8 Nd7f8
38.Qd5f3 Qe3g1
39.Kg3 Re1e3
40.d7 Re3xf3
41.Kxf3 Qg1d1
42.Kg3 Qd1xd7
43.Kh2 Qd7d6
44.Kh1 Kh7
45.Ra8e8 Nf8g6
46.Re8e4 Qd6c6
47.Re4d4 f5
48.Na4b2 Qc6c1
49.Nb2d1 f4
50.Kh2 Ng6h4
51.Rd4d7 Qc1c2
{ resign }
0-1

[Event "Tourn. n7980"]
[Site "www.chess-mail.com"]
[Date "2015.02.21"]
[Round "1"]
[White "Fabos12"]
[Black "Falcoale"]
[WhiteElo "1860"]
[BlackElo "1860"]
[Result "0-1"]
[Round "1"]
1.Nb1c3 Nb8c6
2.e4 e6
3.d4 a6
4.Bc1f4 Bf8b4
5.d5 exd5
6.exd5 Nc6e7
7.Ng1f3 Ng8f6
8.Bf1c4 Nf6e4
9.Qd1d3 Ne4xc3
10.bxc3 Bb4c5
11.O-O O-O
12.Nf3g5 Ne7g6
13.Bf4d2 d6
14.a4 h6
15.Ng5e4 Bc8f5
16.Qd3e2 Rf8e8
17.Rf1e1 Re8xe4
18.Qe2f3 Re4xe1
19.Ra1xe1 Bf5xc2
20.a5 b6
21.Qf3g4 Qd8f6
22.axb6 cxb6
23.Re1e2 Bc2d1
24.Re2e8 Ra8xe8
25.Qg4xd1 b5
26.Bc4d3 Qf6xf2
27.Kh1 Ng6f4
28.Bd2xf4 Re8e1
{ resign }
0-1

[Event "Tourn. n8078"]
[Site "www.chess-mail.com"]
[Date "2015.02.21"]
[Round "1"]
[White "Picifarkinca"]
[Black "Guidom"]
[WhiteElo "2200"]
[BlackElo "2060"]
[Result "1/2-1/2"]
[Round "1"]
1.Ng1f3 d5
2.c4 d4
3.e3 dxe3
4.fxe3 c6
5.d4 Bc8g4
6.Bf1e2 Ng8f6
7.Nb1c3 e6
8.O-O Bf8e7
9.e4 { draw }
1/2-1/2

[Event "Tourn. n7932"]
[Site "www.chess-mail.com"]
[Date "2015.02.21"]
[Round "1"]
[White "Maredocla"]
[Black "Mfwolf"]
[WhiteElo "1930"]
[BlackElo "1970"]
[Result "0-1"]
[Round "1"]
1.f4 d5
2.Ng1f3 g6
3.e3 Bf8g7
4.d4 Bc8g4
5.Bf1e2 Ng8f6
6.h3 Bg4xf3
7.Be2xf3 O-O
8.O-O Nb8d7
9.Nb1d2 c5
10.c3 Ra8c8
11.Qd1b3 Nd7b6
12.a4 cxd4
13.exd4 Qd8d7
14.a5 Nb6c4
15.Nd2xc4 Rc8xc4
16.Bf3e2 Rc4c8
17.a6 b6
18.Be2b5 Qd7d6
19.f5 Nf6e4
20.Bc1f4 e5
21.dxe5 Bg7xe5
22.Bf4xe5 Qd6xe5
23.Qb3c2 d4
24.c4 Ne4g3
25.Ra1e1 Qe5xb5
26.f6 Ng3xf1
27.Re1xf1 Rc8xc4
28.Qc2d2 Qb5e5
29.Qd2h6 Qe5e3
30.Qh6xe3 dxe3
31.Rf1e1 Rf8e8
{ resign }
0-1

[Event "Tourn. n7898"]
[Site "www.chess-mail.com"]
[Date "2015.02.21"]
[Round "1"]
[White "Zazi"]
[Black "Uliczny2"]
[WhiteElo "1520"]
[BlackElo "1700"]
[Result "0-1"]
[Round "1"]
1.d4 Ng8f6
2.e3 g6
3.Bf1d3 Bf8g7
4.Qd1f3 O-O
5.g4 d6
6.h3 e5
7.dxe5 dxe5
8.Qf3g3 Rf8e8
9.Ng1e2 b6
10.Qg3g2 e4
11.Bd3c4 Bc8b7
12.O-O Nb8d7
13.Rf1d1 Qd8e7
14.Ne2d4 Nd7e5
15.Bc4b3 Ne5f3
16.Kf1 Ra8d8
17.Nb1c3 c5
18.Nd4xf3 exf3
19.Qg2h2 Rd8xd1
20.Nc3xd1 Bb7d5
21.Qh2f4 Bd5xb3
22.axb3 Qe7e4
23.Ra1xa7 Qe4xf4
24.exf4 Nf6d5
25.c4 Nd5b4
26.Ra7d7 Kf8
27.Bc1d2 Nb4c2
28.Nd1c3 Nc2d4
29.Nc3d5 Nd4e2
30.Nd5xb6 Bg7xb2
31.b4 cxb4
32.Bd2xb4 Kg7
33.f5 Bb2c3
34.Bb4xc3 Ne2xc3
35.c5 Re8b8
36.Nb6d5 Rb8b1

0-1

[Event "Tourn. n7928"]
[Site "www.chess-mail.com"]
[Date "2015.02.21"]
[Round "1"]
[White "Desiderio"]
[Black "Picifarkinca"]
[WhiteElo "2020"]
[BlackElo "1980"]
[Result "1/2-1/2"]
[Round "1"]
1.d4 Ng8f6
2.Ng1f3 d5
3.c4 c6
4.Nb1c3 Bc8f5
5.Bc1g5 e6
6.e3 Nb8d7
7.Bf1e2 Qd8a5
8.O-O h6
9.Bg5h4 Nf6e4
10.Nc3xe4 Bf5xe4
11.a3 Bf8e7
12.b4 Qa5d8
13.Bh4g3 O-O
14.Ra1c1 Nd7f6
15.cxd5 exd5
16.Nf3d2 Be4h7
17.Nd2f3 Nf6e4
18.Be2d3 a5
19.b5 Ne4xg3
20.hxg3 Bh7xd3
21.Qd1xd3 Qd8d6
22.bxc6 bxc6
23.a4 Qd6b4
24.Rc1a1 Rf8c8
25.Rf1b1 Qb4d6
26.Rb1b6 Be7d8
27.Rb6b3 c5
28.dxc5 Rc8xc5
29.Nf3d4 Bd8f6
30.Ra1b1 Rc5c4
31.Rb3b6 Qd6e5
32.Qd3f5 Qe5xf5
33.Nd4xf5 Rc4xa4
34.Rb6b8 Ra8xb8
35.Rb1xb8 Kh7
36.Kf1 Kg6
37.Nf5h4 Bf6xh4
38.gxh4 Ra4xh4
39.Rb8b5 d4
40.exd4 a4
41.Rb5b4 a3
42.Rb4a4 a2
43.Ra4xa2 Rh4xd4
44.g3 Rd4e4
{ draw }
1/2-1/2

[Event "Tourn. n7943"]
[Site "www.chess-mail.com"]
[Date "2015.02.21"]
[Round "1"]
[White "Scasan55"]
[Black "Picifarkinca"]
[WhiteElo "1900"]
[BlackElo "1990"]
[Result "0-1"]
[Round "1"]
1.e4 e5
2.Ng1f3 Nb8c6
3.Bf1c4 Bf8c5
4.Nb1c3 Ng8f6
5.O-O d6
6.h3 O-O
7.d3 h6
8.a3 a6
9.Rf1e1 Qd8e7
10.Bc1e3 Bc5xe3
11.Re1xe3 Bc8e6
12.Bc4xe6 Qe7xe6
13.d4 exd4
14.Nf3xd4 Nc6xd4
15.Qd1xd4 c6
16.e5 dxe5
17.Re3xe5 Ra8d8
18.Re5xe6 Rd8xd4
19.Re6e7 Rd4d7
 { time }
0-1

[Event "Tourn. n7940"]
[Site "www.chess-mail.com"]
[Date "2015.02.21"]
[Round "1"]
[White "Oxycontin"]
[Black "Picifarkinca"]
[WhiteElo "2060"]
[BlackElo "1970"]
[Result "1/2-1/2"]
[Round "1"]
1.Ng1f3 Ng8f6
2.g3 c5
3.e3 Nb8c6
4.d4 e6
5.Bf1g2 d5
6.O-O Bf8e7
7.Nb1d2 O-O
8.Rf1e1 b6
9.c4 Qd8c7
10.b3 cxd4
11.Nf3xd4 Nc6xd4
12.exd4 Bc8b7
13.Bc1b2 dxc4
14.Bg2xb7 Qc7xb7
15.bxc4 Qb7d7
16.Nd2e4 Ra8c8
17.Ra1c1 Qd7b7
18.Qd1f3 Qb7a6
19.Qf3b3 Nf6xe4
20.Re1xe4 Qa6b7
21.Rc1e1 Rf8e8
22.c5 Qb7d7
23.cxb6 axb6
24.Re1d1 Be7f6
{ draw }
1/2-1/2

[Event "Tourn. n7955"]
[Site "www.chess-mail.com"]
[Date "2015.02.21"]
[Round "1"]
[White "Krasin"]
[Black "Picifarkinca"]
[WhiteElo "2240"]
[BlackElo "2000"]
[Result "1/2-1/2"]
[Round "1"]
1.e4 e5
2.Ng1f3 Nb8c6
3.Bf1c4 Bf8c5
4.b4 Bc5xb4
5.c3 Bb4a5
6.d4 d6
7.O-O Ba5b6
8.dxe5 Bc8e6
9.Bc4xe6 fxe6
10.Qd1b3 Qd8c8
11.exd6 cxd6
12.Bc1a3 Nc6a5
13.Qb3b5 Qc8d7
14.Qb5xd7 Kxd7
15.Rf1d1 Na5c4
16.Ba3xd6 Nc4xd6
17.e5 Ng8h6
18.Nb1a3 Nh6f7
19.Na3c4 Bb6c7
20.exd6 Nf7xd6
21.Ra1b1 Ra8b8
22.Nf3e5 Ke7
23.Nc4xd6 Bc7xd6
24.Rd1xd6 Kxd6
25.Ne5f7 Kc7
26.Nf7xh8 Rb8xh8
27.f4 Rh8d8
28.Rb1e1 Rd8d6
29.Kf2 Kd7
30.Re1b1 b6
31.Ke3 Rd6d5
32.c4 Rd5c5
{ draw }
1/2-1/2

[Event "Tourn. n7981"]
[Site "www.chess-mail.com"]
[Date "2015.02.21"]
[Round "1"]
[White "Woodpusher2"]
[Black "Nimzo"]
[WhiteElo "2510"]
[BlackElo "2670"]
[Result "1/2-1/2"]
[Round "1"]
1.d4 Ng8f6
2.c4 e6
3.Nb1c3 Bf8b4
4.e3 c5
5.Ng1e2 b6
6.a3 Bb4a5
7.Ra1b1 Nb8a6
8.d5 Bc8b7
9.g3 b5
10.b3 exd5
11.Bf1g2 Nf6e4
12.Bc1d2 b4
13.axb4 Na6xb4
14.O-O Ne4xd2
15.Qd1xd2 Ra8b8
16.Rb1a1 dxc4
17.bxc4 O-O
18.Rf1d1 Bb7a6
19.Nc3b5 Ba5c7
20.Qd2xd7 Qd8xd7
21.Rd1xd7 Bc7b6
22.Ne2c3 Rf8d8
23.Ra1d1 Rd8xd7
24.Rd1xd7 Ba6c8
25.Rd7d1 Kf8
26.Nc3d5 Bc8g4
27.Rd1a1 Bg4e2
28.Bg2f1 { draw }
1/2-1/2

[Event "Tourn. n7970"]
[Site "www.chess-mail.com"]
[Date "2015.02.21"]
[Round "1"]
[White "Falcoale"]
[Black "Scasan55"]
[WhiteElo "1890"]
[BlackElo "1900"]
[Result "1-0"]
[Round "1"]
1.e4 c5
2.Ng1f3 d6
3.Nb1c3 Ng8f6
4.d4 cxd4
5.Nf3xd4 a6
6.Bf1d3 Qd8c7
7.O-O e6
8.f4 Bf8e7
9.Bc1d2 O-O
10.Nc3e2 Nb8c6
11.c3 b5
12.Ne2g3 Bc8b7
13.Nd4xc6 Bb7xc6
14.Kh1 Qc7b7
15.Ng3h5 Nf6xh5
16.Qd1xh5 f5
17.Rf1f2 Bc6xe4
18.Bd3xe4 fxe4
19.Bd2e3 Rf8f6
20.Qh5g4 Rf6g6
21.Qg4e2 Ra8f8
22.Ra1f1 Be7h4
23.g3 Bh4d8
24.Kg1  { time }
1-0

[Event "Tourn. n8022"]
[Site "www.chess-mail.com"]
[Date "2015.02.21"]
[Round "1"]
[White "4knights"]
[Black "Genius9"]
[WhiteElo "1499"]
[BlackElo "1570"]
[Result "0-1"]
[Round "1"]
1.d4 d5
2.c4 e6
3.Nb1c3 c5
4.cxd5 exd5
5.Ng1f3 Ng8f6
6.g3 h6
7.Bf1g2 Nb8c6
8.O-O Bf8e7
9.Bc1f4 O-O
10.Nc3b5 a6
11.Nb5c3 cxd4
12.Nf3xd4 Be7b4
13.Ra1c1 Bb4xc3
14.Rc1xc3 Bc8d7
15.Rf1e1 Rf8e8
16.Qd1c2 Nc6xd4
{ resign }
0-1

[Event "Tourn. n7990"]
[Site "www.chess-mail.com"]
[Date "2015.02.21"]
[Round "1"]
[White "Difficult"]
[Black "Bojan"]
[WhiteElo "1900"]
[BlackElo "2000"]
[Result "1/2-1/2"]
[Round "1"]
1.e4 e5
2.Ng1f3 d6
3.d4 exd4
4.Nf3xd4 g6
5.Nb1c3 Bf8g7
6.Bc1e3 f6
7.Bf1c4 Ng8e7
8.O-O Nb8c6
9.Nd4e6 Bc8xe6
10.Bc4xe6 Nc6e5
11.f4 Ne5d7
12.Be3d4 Ne7c6
13.Bd4f2 Qd8e7
14.f5 Nd7f8
15.Be6d5 Qe7d7
16.a3 Ra8b8
17.Nc3e2 Nc6e7
18.Ne2g3 Qd7b5
19.b3 Ne7xd5
20.exd5 a6
21.Rf1e1 Kf7
22.c4 Qb5d7
23.Qd1d3 c5
24.Re1e6 gxf5
25.Ng3xf5 Nf8g6
26.Nf5xd6 Kg8
27.Ra1e1 b6
28.Re6e8 Rb8xe8
29.Nd6xe8 Kf7
30.Ne8xg7 Kxg7
31.Bf2g3 Rh8f8
32.d6 Rf8f7
33.Qd3d5 f5
34.Bg3e5 Kg8
35.g3 Kf8
36.Be5c3 Qd7c8
37.Bc3d2 f4
38.Qd5e6 Qc8xe6
39.Re1xe6 fxg3
40.Bd2h6 Kg8
41.hxg3 Rf7d7
42.Kf2 Kf7
43.Re6e3 Rd7xd6
44.Bh6f4 { draw }
1/2-1/2

[Event "Tourn. n7996"]
[Site "www.chess-mail.com"]
[Date "2015.02.21"]
[Round "1"]
[White "Osopanda"]
[Black "Picifarkinca"]
[WhiteElo "2020"]
[BlackElo "2030"]
[Result "1/2-1/2"]
[Round "1"]
1.c4 Ng8f6
2.d4 e6
3.Nb1c3 Bf8b4
4.f3 d5
5.e3 O-O
6.a3 Bb4xc3
7.bxc3 dxc4
8.Bf1xc4 Nf6d5
9.Bc1b2 Nd5xe3
10.Qd1e2 Ne3xc4
11.Qe2xc4 Nb8c6
12.Ng1e2 Qd8d5
13.Qc4d3 e5
14.c4 Qd5d7
15.d5 f6
16.O-O-O Nc6e7
17.f4 Ne7g6
18.fxe5 Ng6xe5
19.Qd3b3 Ne5f7
20.c5 Kh8
21.Rh1e1 Nf7d8
22.Ne2f4 Qd7f5
23.g3 c6
24.Nf4e6 Nd8xe6
25.dxe6 Qf5xc5
{ draw }
1/2-1/2

[Event "Tourn. n7900"]
[Site "www.chess-mail.com"]
[Date "2015.02.21"]
[Round "1"]
[White "Asoka"]
[Black "Tyty56"]
[WhiteElo "2650"]
[BlackElo "2320"]
[Result "1-0"]
[Round "1"]
1.e4 d5
2.exd5 Qd8xd5
3.Nb1c3 Qd5d6
4.d4 Ng8f6
5.Ng1f3 c6
6.Bc1e3 Bc8f5
7.Nf3h4 Bf5e6
8.Bf1d3 g6
9.O-O Bf8g7
10.Nc3e2 Nf6d5
11.Be3d2 a5
12.Nh4f3 Nd5b4
13.Bd2f4 Qd6d8
14.Nf3g5 Be6g4
15.f3 Nb4xd3
16.Qd1xd3 Bg4c8
17.Ra1d1 O-O
18.c4 Nb8a6
19.Ng5e4 b5
20.cxb5 Na6b4
21.Qd3d2 cxb5
22.a3 Nb4d5
23.Bf4h6 b4
24.Bh6xg7 Kxg7
25.Ne2f4 bxa3
26.bxa3 Bc8b7
27.Nf4h3 h6
28.Nh3f2 e6
29.Nf2g4 Rf8h8
30.Rd1c1 Ra8a7
31.Rf1e1 Bb7a8
32.Qd2f2 h5
33.Ng4e5 h4
34.Qf2d2 Nd5e7
35.Ne4g5 Ne7f5
36.Ne5xf7 Qd8xd4
37.Qd2xd4 Nf5xd4
38.Nf7xh8 Kxh8
39.Rc1d1 { resign }
1-0

[Event "Tourn. n7949"]
[Site "www.chess-mail.com"]
[Date "2015.02.21"]
[Round "1"]
[White "Manolinex"]
[Black "Neverless"]
[WhiteElo "2700"]
[BlackElo "2650"]
[Result "1/2-1/2"]
[Round "1"]
1.e4 c5
2.Ng1f3 d6
3.d4 cxd4
4.Nf3xd4 Ng8f6
5.Nb1c3 a6
6.Bc1g5 e6
7.Qd1f3 h6
8.Bg5e3 Bc8d7
9.Bf1d3 Nb8c6
10.Nd4xc6 Bd7xc6
11.O-O h5
12.h3 Bf8e7
13.a4 Nf6d7
14.Qf3g3 O-O
15.Be3d4 g6
16.f4 Be7h4
17.Qg3f3 Bh4f6
18.Qf3f2 Qd8a5
19.Bd4xf6 Nd7xf6
20.Qf2d4 Qa5c5
21.Qd4xc5 dxc5
22.b3 Kg7
23.e5 Nf6d5
24.Nc3xd5 Bc6xd5
25.a5 Ra8c8
26.c4 Bd5c6
27.Ra1d1 Rc8d8
28.Bd3e2 h4
29.Kf2 f6
30.Rd1xd8 Rf8xd8
31.Rf1d1 Rd8xd1
32.Be2xd1 f5
33.g3 hxg3
34.Kxg3 Bc6e4
35.h4 Kf7
36.Kf2 Ke7
37.Ke3 Be4c6
38.b4 cxb4
39.Kd4 Kd7
40.Kc5 Ke7
41.Kxb4 Kd7
42.Kc5 { draw }
1/2-1/2

[Event "Tourn. n7956"]
[Site "www.chess-mail.com"]
[Date "2015.02.21"]
[Round "1"]
[White "Cathar"]
[Black "Picifarkinca"]
[WhiteElo "2020"]
[BlackElo "2000"]
[Result "1/2-1/2"]
[Round "1"]
1.e4 e5
2.Ng1f3 Nb8c6
3.Bf1b5 a6
4.Bb5a4 Ng8f6
5.d3 Bf8e7
6.Nb1d2 b5
7.Ba4b3 d6
8.c3 O-O
9.Nd2f1 d5
10.Qd1e2 Qd8d6
11.Nf1g3 Bc8g4
12.h3 Bg4c8
13.Nf3h4 Rf8e8
14.Nh4f5 Bc8xf5
15.Ng3xf5 Qd6e6
16.h4 Nc6a5
17.Bb3c2 Ra8d8
18.Rh1h3 Be7f8
19.Rh3g3 Kh8
20.h5 h6
21.b4 Na5b7
22.Bc2b3 c5
23.Bc1d2 c4
24.Bb3c2 cxd3
25.Bc2xd3 dxe4
26.Bd3xe4 Nf6xe4
27.Qe2xe4 Nb7d6
28.Nf5xd6 Qe6xd6
29.O-O-O Qd6d5
30.Qe4xd5 Rd8xd5
31.Bd2e3 Re8d8
{ draw }
1/2-1/2

[Event "Tourn. n7960"]
[Site "www.chess-mail.com"]
[Date "2015.02.21"]
[Round "1"]
[White "Picifarkinca"]
[Black "Krasin"]
[WhiteElo "2000"]
[BlackElo "2190"]
[Result "1/2-1/2"]
[Round "1"]
1.Ng1f3 h6
2.e4 g5
3.d4 Bf8g7
4.Bf1c4 e6
5.Nb1c3 Ng8e7
6.Bc1e3 d5
7.Bc4d3 Nb8c6
8.e5 Nc6b4
9.Bd3e2 Ne7f5
10.Qd1d2 c5
11.a3 Nf5xe3
12.fxe3 Nb4c6
13.h3 Bc8d7
14.Nc3b5 O-O
15.Ra1d1 f6
16.exf6 Bg7xf6
17.dxc5 b6
18.c4 Nc6e5
19.Nb5c3 Qd8c7
20.O-O Qc7xc5
21.cxd5 Ne5c4
22.Be2xc4 Qc5xc4
23.Qd2d3 Qc4xd3
24.Rd1xd3 Bf6xc3
25.Rd3xc3 exd5
26.Nf3d4 Ra8c8
27.Rc3xc8 Bd7xc8
28.Rf1xf8 Kxf8
29.g4 { draw }
1/2-1/2

[Event "Tourn. n7950"]
[Site "www.chess-mail.com"]
[Date "2015.02.21"]
[Round "1"]
[White "Krasin"]
[Black "Picifarkinca"]
[WhiteElo "2220"]
[BlackElo "2000"]
[Result "1/2-1/2"]
[Round "1"]
1.e4 c6
2.d4 d5
3.e5 Bc8f5
4.Ng1f3 e6
5.Bf1e2 Nb8d7
6.O-O c5
7.c4 dxc4
8.Be2xc4 Ng8e7
9.Nb1c3 Nd7b6
10.Bc4b5 Ne7c6
11.Bb5xc6 bxc6
12.Bc1e3 c4
13.Be3g5 Bf8e7
14.Bg5xe7 Qd8xe7
15.Rf1e1 Ra8d8
16.Nc3e4 Bf5xe4
17.Re1xe4 c5
18.Qd1e2 O-O
19.Re4g4 cxd4
20.Nf3xd4 Rd8d5
21.Ra1e1 Qe7c5
22.Qe2e3 Rf8d8
23.Qe3h6 Qc5f8
24.Nd4f3 Rd5d1
25.Qh6e3 Rd8d3
26.Qe3e4 Rd1xe1
27.Nf3xe1 Rd3d2
28.h4 Rd2xb2
29.Ne1f3 c3
30.Nf3d4 Qf8c5
31.Qe4e3 Nb6d7
{ draw }
1/2-1/2

[Event "Tourn. n7999"]
[Site "www.chess-mail.com"]
[Date "2015.02.21"]
[Round "1"]
[White "Luban"]
[Black "Karadajyan"]
[WhiteElo "2130"]
[BlackElo "2040"]
[Result "0-1"]
[Round "1"]
1.d4 Ng8f6
2.c4 c5
3.e3 cxd4
4.exd4 d5
5.h3 g6
6.Ng1f3 Bf8g7
7.Bc1e3 O-O
8.Bf1d3 dxc4
9.Bd3xc4 a6
10.Nb1c3 b5
11.Bc4d3 Bc8b7
12.O-O Nb8d7
13.a3 e5
14.Nf3xe5 Nd7xe5
15.dxe5 Nf6d5
16.Bd3e4 Nd5xe3
17.fxe3 Bb7xe4
18.Nc3xe4 Bg7xe5
19.Ra1b1 Qd8e7
20.b4 Ra8c8
21.Qd1f3 Rc8c4
22.Kh1 Be5b8
23.Ne4f6 Kg7
24.Nf6d5 Qe7e5
25.Nd5b6 Qe5h2

0-1

[Event "Match"]
[Site "www.echecsemail.com"]
[Date "2015.02.21"]
[Round "1"]
[White "Pinehill"]
[Black "Ditto"]
[WhiteElo "1770"]
[BlackElo "1640"]
[Result "1-0"]
[Round "1"]
1.e4 e5
2.d4 exd4
3.c3 dxc3
4.Bf1c4 cxb2
5.Bc1xb2 d6
6.Ng1f3 Bc8g4
7.Qd1b3 Qd8e7
8.O-O Bg4h5
9.Nb1c3 c6
10.Nf3d4 Ng8f6
11.Nd4f5 Qe7d8
12.Rf1e1 Nb8d7
13.f3 Bh5g6
14.Ra1d1 Nd7e5
15.Nc3e2 Bg6xf5
16.exf5 Bf8e7
17.Bb2xe5 Nf6d7
18.Be5xg7 Rh8g8
19.Bc4xf7 
1-0

[Event "Match"]
[Site "www.echecsemail.com"]
[Date "2015.02.21"]
[Round "1"]
[White "Generalfree"]
[Black "Jjmcbride"]
[WhiteElo "1780"]
[BlackElo "1790"]
[Result "0-1"]
[Round "1"]
1.e4 e5
2.Ng1f3 f6
3.Nf3xe5 fxe5
4.Qd1h5 g6
5.Qh5xe5 Qd8e7
6.Qe5xh8 Qe7xe4
7.Kd1 Qe4e6
8.Qh8xh7 Nb8c6
9.Bf1b5 Nc6e7
10.h3 c6
11.Bb5d3 d5
12.Rh1e1 Qe6f6
13.Re1xe7 Ng8xe7
14.f3 Bc8f5
15.Bd3xf5 gxf5
16.d3 O-O-O
17.c3 f4
18.Bc1d2 Bf8h6
19.d4 Ne7f5
20.g4 Nf5e3
21.Bd2xe3 fxe3
22.Qh7d3 Qf6xf3
23.Qd3e2 Qf3e4
24.Nb1a3 Rd8f8
25.Na3c2 Rf8f2
{ resign }
0-1

[Event "Match"]
[Site "www.echecsemail.com"]
[Date "2015.02.21"]
[Round "1"]
[White "Jjmcbride"]
[Black "Blackpool"]
[WhiteElo "1630"]
[BlackElo "1720"]
[Result "1-0"]
[Round "1"]
1.e4 c5
2.a3 d5
3.d3 dxe4
4.b4 cxb4
5.axb4 exd3
6.Bf1xd3 e6
7.Bd3b5 Bc8d7
8.Nb1c3 Ng8f6
9.Ng1f3 Bf8xb4
10.Bb5xd7 Qd8xd7
11.Bc1b2 Qd7xd1
12.Ra1xd1 Nb8d7
13.O-O Bb4xc3
14.Bb2xc3 O-O
15.h3 Ra8c8
16.Bc3xf6 Nd7xf6
17.Nf3d4 e5
18.Nd4f5 Rc8xc2
19.Rf1e1 e4
20.f3 exf3
21.gxf3 g6
22.Nf5d4 Rc2b2
23.Rd1b1 Rb2xb1
24.Re1xb1 b6
25.Nd4c6 Rf8a8
26.Kg2 Kg7
27.Kf2 Nf6d5
28.Rb1b3 a5
29.Rb3b5 Nd5b4
30.Nc6xb4 axb4
31.Rb5xb4 Ra8b8
32.Rb4b5 f5
33.f4 Kf6
34.h4 Ke6
35.Rb5e5 Kd6
36.h5 Rb8c8
37.h6 Rc8c5
38.Re5e8 b5
39.Re8h8 b4
40.Rh8xh7 Rc5b5
41.Rh7g7 b3
42.h7 b2
43.Rg7xg6 Kd5
44.h8Q b1Q
45.Qh8d8 Kc4
46.Qd8c7 Kb4
47.Qc7d6 Ka4
48.Qd6d4 Qb1b4
49.Rg6a6 Kb3
50.Qd4d1 Kc4
51.Ra6a4 Qb4xa4
52.Qd1xa4 Rb5b4
53.Qa4c2 Kb5
54.Qc2xf5 Ka4
55.Qf5e5 Rb4b5
56.Qe5e4 Rb5b4
57.Qe4f5 Rb4b2
58.Kf3 Rb2b3
59.Kg4 Rb3b5
60.Qf5c2 Ka5
61.f5 Rb5b4
62.Kg5 Rb4b5
63.Qc2c3 Ka4
64.Kg6 Rb5b6
65.f6 { resign }
1-0

[Event "Match"]
[Site "www.echecsemail.com"]
[Date "2015.02.21"]
[Round "1"]
[White "Crush"]
[Black "Generalfree"]
[WhiteElo "1720"]
[BlackElo "1820"]
[Result "1-0"]
[Round "1"]
1.e4 e5
2.Ng1f3 Nb8c6
3.Bf1c4 Ng8f6
4.Nb1c3 Bf8c5
5.d3 d6
6.Bc1e3 Bc5xe3
7.fxe3 h6
8.O-O a6
9.d4 b5
10.Bc4b3 b4
11.Nc3d5 Nf6xe4
12.Qd1d3 Bc8f5
13.Qd3c4 Bf5d7
14.Nd5b6 Bd7e6
15.Qc4xc6 Ke7
16.Nb6xa8 Qd8xa8
17.Qc6xc7 { resign }
1-0

[Event "Match"]
[Site "www.echecsemail.com"]
[Date "2015.02.21"]
[Round "1"]
[White "Udo40"]
[Black "Generalfree"]
[WhiteElo "1740"]
[BlackElo "1770"]
[Result "0-1"]
[Round "1"]
1.Ng1f3 d5
2.d4 Ng8f6
3.c4 dxc4
4.a4 a5
5.Nb1c3 c6
6.e4 Bc8e6
7.e5 Nf6d7
8.d5 cxd5
9.Nf3d4 Nd7xe5
10.h3 g6
11.Nd4xe6 fxe6
12.Nc3b5 Nb8c6
13.Bf1e2 Bf8g7
14.O-O Nc6a7
15.Rf1e1 Na7xb5
16.axb5 b6
17.Bc1f4 Ne5f7
18.Qd1a4 Bg7xb2
19.Ra1d1 e5
20.Bf4g3 Nf7g5
21.Be2xc4 e6
22.Bg3xe5 Bb2xe5
23.Bc4xd5 exd5
24.Re1xe5 Kf8
25.Re5xg5 Qd8xg5
26.Qa4a3 Kg7
27.Qa3b2 Kh6
28.Rd1d4 Qg5h5
29.Qb2c2 Ra8e8
30.Qc2a4 Re8e1
31.Kh2 Qh5e5
32.g3 Rh8f8
33.Rd4h4 Kg7
34.Qa4c2 Qe5a1
35.Qc2c7 Rf8f7
36.Qc7xb6 Re1h1
{ resign }
0-1

[Event "Match"]
[Site "www.echecsemail.com"]
[Date "2015.02.21"]
[Round "1"]
[White "Picifarkinca"]
[Black "Sonivano"]
[WhiteElo "1910"]
[BlackElo "2280"]
[Result "1/2-1/2"]
[Round "1"]
1.e4 e5
2.Ng1f3 Nb8c6
3.Bf1b5 a6
4.Bb5a4 Ng8f6
5.d3 Bf8c5
6.h3 h6
7.c3 d6
8.O-O O-O
9.Qd1e2 Rf8e8
10.Bc1e3 b5
11.Ba4b3 Bc8b7
12.Nb1d2 Nc6a5
13.Bb3c2 Bc5xe3
14.fxe3 c5
15.b4 cxb4
16.cxb4 Na5c6
17.a3 a5
18.bxa5 Ra8xa5
19.d4 Qd8a8
20.Bc2d3 Ra5xa3
21.Ra1xa3 Qa8xa3
22.Bd3xb5 exd4
23.exd4 d5
24.e5 Re8e6
25.Qe2d3 Qa3xd3
26.Bb5xd3 Nf6h5
27.Rf1b1 { draw }
1/2-1/2

[Event "Match"]
[Site "www.echecsemail.com"]
[Date "2015.02.21"]
[Round "1"]
[White "Menace"]
[Black "Markos123"]
[WhiteElo "2200"]
[BlackElo "1790"]
[Result "1-0"]
[Round "1"]
1.e4 e5
2.f4 f5
3.exf5 exf4
4.Ng1f3 d6
5.Bf1c4 Ng8h6
6.O-O Bc8xf5
7.d3 Nb8c6
8.Bc1xf4 Qd8f6
9.Nb1c3 Nc6d4
10.Nf3xd4 Qf6xd4
11.Kh1 Nh6g4
12.Qd1e2 Bf8e7
13.Nc3d5 O-O-O
14.Nd5xe7 Kd7
15.Ne7xf5 Qd4xb2
16.Qe2e6 Kc6
17.Bc4d5 Kb6
18.Ra1b1 Rh8e8
19.Rb1xb2 Ka6
20.Bd5c4 b5
21.Bc4xb5 Kb7
22.Bb5xe8 Ka8
23.Be8c6 { resign }
1-0

[Event "Match"]
[Site "www.echecsemail.com"]
[Date "2015.02.21"]
[Round "1"]
[White "Billyg"]
[Black "Gene4267"]
[WhiteElo "1600"]
[BlackElo "1499"]
[Result "0-1"]
[Round "1"]
1.e4 e6
2.Ng1f3 d5
3.Bf1d3 Ng8f6
4.exd5 exd5
5.O-O Bc8e6
6.Bd3e2 Bf8e7
7.d4 O-O
8.Bc1g5 h6
9.Bg5xf6 Be7xf6
10.Nb1c3 Nb8c6
11.Be2b5 Qd8d6
12.Bb5xc6 Qd6xc6
13.Qd1d3 a6
14.Rf1c1 Ra8c8
15.Rc1e1 Qc6d6
16.Nc3a4 Rc8b8
17.Na4c5 Be6g4
18.Nf3d2 a5
19.f3 Bg4h5
20.b3 b6
21.Nc5a6 Bh5g6
22.Qd3c3 Rb8b7
23.b4 Rf8a8
24.b5 c5
25.dxc5 bxc5
26.Qc3e3 Bf6d4
27.Qe3xd4 cxd4
{ resign }
0-1

[Event "Match"]
[Site "www.echecsemail.com"]
[Date "2015.02.21"]
[Round "1"]
[White "4knights"]
[Black "Ditto"]
[WhiteElo "1499"]
[BlackElo "1640"]
[Result "0-1"]
[Round "1"]
1.d4 e6
2.e4 Ng8f6
3.Bf1d3 d6
4.Ng1f3 e5
5.Nb1c3 Bc8g4
6.Bc1g5 Nb8d7
7.Nc3d5 c6
8.Nd5e3 Bg4h5
9.O-O Bf8e7
10.d5 O-O
11.Ne3f5 Bh5g6
12.dxc6 bxc6
13.Ra1b1 Bg6xf5
14.Bg5xf6 Be7xf6
15.exf5 Nd7c5
16.b4 Nc5a4
17.Qd1d2 Rf8e8
18.c4 e4
{ resign }
0-1